| 000 | 00313nam a2200109Ia 4500 | ||
|---|---|---|---|
| 008 | 190914s9999||||xx |||||||||||||| ||und|| | ||
| 100 | _aEdward forrest | ||
| 245 | 0 | _aInternet Marketing Intelligence research tools techniques and resource | |
| 260 |
_aNew Jersey _bPrentice Hall _c1999 |
||
| 300 | _a318 | ||
| 942 | _cBK | ||
| 999 |
_c9423 _d9423 |
||